Muntakhabāt shiʻrīyah : dars wa-muntakhabāt /

محفوظ في:

المؤلف الرئيسي: Muhalhil (مؤلف)

مؤلفون آخرون: Bustānī, Fuʾād Afrām.

التنسيق: كتاب

اللغة: Arabic

سلاسل: al-Ruwāʼi ; 3.

الموضوعات:

الوسوم: إضافة وسم

لا توجد وسوم, كن أول من يضع وسما على هذه التسجيلة!

رقم الطلب:

LEADER 01381nam a2200253Ia 4500
005 20200201020315.0
008 130303s1927 le g 001 0 ara d
100 0 |6 880-01  |a Muhalhil,  |e author. 
880 0 |6 100-01/(3/r  |a مهلهل.‪‪‪‪‪‪‪‪‪‪‪‪‪‪‪‪‪‪‪‪‪‪‪‪‪‪‪‪‪‪‪‪ 
245 1 0 |6 880-02  |a Muntakhabāt shiʻrīyah :  |b dars wa-muntakhabāt /  |c bi-qalam Fuʼād Afrām al-Bustānī. 
880 1 0 |6 245-02/(3/r  |a منتخبات شعرية :‪‪‪‪‪‪‪‪‪‪‪‪‪‪‪‪‪‪‪‪‪‪‪‪‪‪‪‪‪‪‪‪  |b درس و منتخبات /‪‪‪‪‪‪‪‪‪‪‪‪‪‪‪‪‪‪‪‪‪‪‪‪‪‪‪‪‪‪‪‪  |c بقلم فؤاد افرام البستاني.‪‪‪‪‪‪‪‪‪‪‪‪‪‪‪‪‪‪‪‪‪‪‪‪‪‪‪‪‪‪‪‪ 
264 1 |a Bayrūt :  |b al-Maṭbaʻah al-Kāthūlīkīyah,  |c 1927. 
300 |a [9], 52 pages ;  |c 19 cm. 
336 |a text  |b txt  |2 rdacontent 
337 |a unmediated  |b n  |2 rdamedia 
338 |a volume  |b nc  |2 rdacarrier 
490 1 |a al-Ruwāʼi ;  |v 3 
500 |a Includes index. 
650 0 |a Arabs  |v Folklore. 
700 1 |a Bustānī, Fuʾād Afrām. 
830 3 |a al-Ruwāʼi ;  |v 3. 
952 |0 0  |1 0  |2 lcc  |4 0  |7 1  |9 28942  |a ARCE  |b ARCE  |d 2022-01-25  |l 0  |r 2022-01-25 00:00:00  |w 2022-01-25  |y BK 
999 |c 27068  |d 27068 
942 |c BK  |2 lcc